Charkam (deceased) and others v Inland Revenue Commissioners (Record no. 62742)
[ view plain ]
| 000 -LEADER | |
|---|---|
| fixed length control field | 01042cam a2200229 4500 |
| 001 - CONTROL NUMBER | |
| control field | X104557 |
| 008 - FIXED-LENGTH DATA ELEMENTS--GENERAL INFORMATION | |
| fixed length control field | 000000n2000 000 0 eng u |
| 035 ## - SYSTEM CONTROL NUMBER | |
| System control number | (Sirsi) u104557 |
| 245 ## - TITLE STATEMENT | |
| Title | Charkam (deceased) and others v Inland Revenue Commissioners |
| 260 ## - PUBLICATION, DISTRIBUTION, ETC. | |
| Date of publication, distribution, etc. | 2000 |
| 490 ## - SERIES STATEMENT | |
| Series statement | Rating and Valuation Reporter |
| Volume/sequential designation | [2000[ 40 RVR 7-30(24) |
| 520 ## - SUMMARY, ETC. | |
| Summary, etc. | LT 6 May 1997. Inheritance tax - Freeholds - Trusts for sale - Minority interests - Shops - Houses converted into flats - Valuation - Method - Income or entirety - Entirety values - Apportionment - Discount - Lack of control - Court's powers - Management charges - Agents fees - Legal costs - Inheritance Tax Act 1984, ss 160, 161 - Law of Property Act 1925, s 30. |
| 650 ## - SUBJECT ADDED ENTRY--TOPICAL TERM | |
| Topical term or geographic name entry element | INHERITANCE TAX |
| 650 ## - SUBJECT ADDED ENTRY--TOPICAL TERM | |
| Topical term or geographic name entry element | Valuation |
| 9 (RLIN) | 6273 |
| 650 ## - SUBJECT ADDED ENTRY--TOPICAL TERM | |
| Topical term or geographic name entry element | CHARKHAM (DECEASED) AND OTHERS V INLAND REVENUE COMMISSIONERS |
| 650 ## - SUBJECT ADDED ENTRY--TOPICAL TERM | |
| Topical term or geographic name entry element | LAW OF PROPERTY ACT 1925 |
| 650 ## - SUBJECT ADDED ENTRY--TOPICAL TERM | |
| Topical term or geographic name entry element | INHERITANCE TAX ACT 1984 |
| 650 ## - SUBJECT ADDED ENTRY--TOPICAL TERM | |
| Topical term or geographic name entry element | MANAGEMENT CHARGES |
| 650 ## - SUBJECT ADDED ENTRY--TOPICAL TERM | |
| Topical term or geographic name entry element | APPORTIONMENT |
| 690 ## - LOCAL SUBJECT ADDED ENTRY--TOPICAL TERM (OCLC, RLIN) | |
| Topical term or geographic name as entry element | TAXATION |
| 942 ## - ADDED ENTRY ELEMENTS (KOHA) | |
| Suppress in OPAC | 0 |
| Withdrawn status | Lost status | Source of classification or shelving scheme | Damaged status | Not for loan | Home library | Current library | Shelving location | Date acquired | Total Checkouts | Full call number | Barcode | Date last seen | Copy number | Price effective from | Koha item type |
|---|---|---|---|---|---|---|---|---|---|---|---|---|---|---|---|
| Dewey Decimal Classification | London | London | Journal article | 03/03/2000 | X104557 | 104557-1001 | 06/08/2019 | 1 | 06/08/2019 | Law report | |||||
| Dewey Decimal Classification | London | London | Journal article | 03/03/2000 | X104557 | 104557-1002 | 06/08/2019 | 2 | 06/08/2019 | Law report |